| 000 | 00663nam a2200217Ia 4500 | ||
|---|---|---|---|
| 003 | GCL | ||
| 008 | 140319s9999 xx 000 0 ara d | ||
| 040 |
_aGCL / _cGCL |
||
| 082 | 0 | 4 |
_aق _b932.094 _bا م |
| 100 | 1 | _aاسكندر صيفى | |
| 245 | 1 | 0 |
_aالمنارة التاريخية فى مصر الوثنية والمسيحية / _cاسكندر صيفى |
| 260 |
_a[S.N] : _bالمطبعة العصرية |
||
| 300 | _a228 ص | ||
| 490 | _a | ||
| 650 | 0 | 4 | _aالزراعة |
| 650 | 0 | 4 | _aمصر القديمة |
| 650 | 0 | 4 | _aالنقود |
| 650 | 0 | 4 | _aالحضارة الفرعونية |
| 650 | 0 | 4 | _aالديانات القديمة |
| 942 |
_2ddc _cBK |
||
| 999 |
_c36563 _d36563 |
||